| 000 | 01636nam a2200385Ia 4500 | ||
|---|---|---|---|
| 001 | ebr10211188 | ||
| 003 | CaPaEBR | ||
| 006 | m u | ||
| 007 | cr cn||||||||| | ||
| 008 | 050831s2006 enk sb 001 0 eng d | ||
| 010 | _z 2005933809 | ||
| 020 | _z0754646572 (hbk : alk. paper) | ||
| 020 | _z0754646580 (pbk : alk. paper) | ||
| 040 |
_aCaPaEBR _cCaPaEBR |
||
| 035 | _a(OCoLC)560488699 | ||
| 050 | 1 | 4 |
_aHD6300 _b.C64 2006eb |
| 082 | 0 | 4 |
_a331.62 _222 |
| 100 | 1 |
_aCohen, Robin, _d1944- |
|
| 245 | 1 | 0 |
_aMigration and its enemies _h[electronic resource] : _bglobal capital, migrant labour and the nation-state / _cRobin Cohen. |
| 260 |
_aAldershot : _bAshgate, _c2006. |
||
| 300 | _aix, 242 p. | ||
| 490 | 1 | _aResearch in migration and ethnic relations series | |
| 504 | _aIncludes bibliographical references and index. | ||
| 533 |
_aElectronic reproduction. _bPalo Alto, Calif. : _cebrary, _d2011. _nAvailable via World Wide Web. _nAccess may be limited to ebrary affiliated libraries. |
||
| 650 | 0 | _aForeign workers. | |
| 650 | 0 |
_aEmigration and immigration _xEconomic aspects. |
|
| 650 | 0 |
_aEmigration and immigration _xGovernment policy. |
|
| 650 | 0 |
_aForeign workers _zGreat Britain. |
|
| 651 | 0 |
_aGreat Britain _xEmigration and immigration _xEconomic aspects. |
|
| 651 | 0 |
_aGreat Britain _xEmigration and immigration _xGovernment policy. |
|
| 655 | 7 |
_aElectronic books. _2local |
|
| 710 | 2 | _aebrary, Inc. | |
| 830 | 0 | _aResearch in migration and ethnic relations series. | |
| 856 | 4 | 0 |
_uhttp://site.ebrary.com/lib/rucke/Doc?id=10211188 _zAn electronic book accessible through the World Wide Web; click to view |
| 999 |
_c124712 _d124712 |
||